Dánsko: Aktívny trh práce pomáha riešiť nezamestnanosť
Ekonomicky aktívne obyvateľstvo v Dánsku. Podiel starších a mladých obyvateľov na celkovej populácii. Miera nezamestnanosti v Dánsku je v súčasnosti okolo 11 percent. Porovnanie s EÚ. Nástroje aktívnej politiky zamestnanosti.
Salvato in:
| Autore principale: | |
|---|---|
| Natura: | Capitolo di libro |
| Lingua: | slovacco |
| Soggetti: | |
| Tags: |
Nessun Tag, puoi essere il primo ad aggiungerne!!
|
MARC
| LEADER | 00000naa a2200000 4500 | ||
|---|---|---|---|
| 001 | r019425 | ||
| 005 | 20221205102913.8 | ||
| 041 | 0 | |a slo | |
| 044 | |a SK | ||
| 245 | 1 | 0 | |a Dánsko: Aktívny trh práce pomáha riešiť nezamestnanosť |c Eva Rievajová |
| 520 | |a Ekonomicky aktívne obyvateľstvo v Dánsku. Podiel starších a mladých obyvateľov na celkovej populácii. Miera nezamestnanosti v Dánsku je v súčasnosti okolo 11 percent. Porovnanie s EÚ. Nástroje aktívnej politiky zamestnanosti. | ||
| 610 | 2 | 0 | |a trh práce |
| 610 | 2 | 0 | |a nezamestnanosť |
| 610 | 2 | 0 | |a miera nezamestnanosti |
| 610 | 2 | 0 | |a politika zamestnanosti |
| 610 | 2 | 0 | |a obyvateľstvo aktívne |
| 610 | 2 | 0 | |a Dánsko |
| 100 | 1 | |a Rievajová, Eva | |